Top 10 most powerful armies in South America (2021) - Statistics

General Stats
  • This quiz has been taken 48 times
  • The average score is 10 of 10
Answer Stats
Hint Answer % Correct
1 Brazil
100%
2 Colombia
100%
4 Venezuela
100%
3 Argentina
98%
6 Chile
98%
5 Peru
98%
7 Ecuador
95%
9 Uruguay
95%
8 Bolivia
93%
10 Paraguay
93%
No matching quizzes found
Score Distribution
Percent of People with Each Score
Percentile by Number Answered
Your Score History
You have not taken this quiz